El concepto de migración a causa de las crisis /

Furkejuvvon:
Bibliográfalaš dieđut
Váldodahkki: McAdam, Jane
Materiálatiipa: Texto
Fáddágilkorat: Lasit fáddágilkoriid
Eai fáddágilkorat, Lasit vuosttaš fáddágilkora!

MARC

LEADER 00000 a a2200000 04500
001 47642
003
040
100 |a McAdam, Jane  
245 |a El concepto de migración a causa de las crisis /  |c Jane McAdam  
773 |g número45, (2014), páginas 10-11 : foto  
999 |c 23789  |d 23789